000 00540nam a2200193Ia 4500
005 20250508164803.0
008 008 250505s9999 xx 000 0 eng d
037 _aTheses
040 _aFEDL
_beng
_cFEDL
041 _aeng
_2eng
084 _a375.4, AGG/TH
_qFEDL
100 _aAggarwal Santosh
245 0 _aThree language formula - its status in the school - curriculum
260 _c1987
300 _a530p.
546 _aPH.D Thesis (Delhi University)
942 _cTH
_h375.4, AGG/TH
999 _c1391168
_d1391168